000 01328nam a2200325 i 4500
003 CO-BoRNBP
005 20250123170024.0
007 ta
008 250123s2013 Uy a|||| |||| 00| 0 spa d
020 _a9789974702653
040 _aCO-BoRNBP
_bspa
_cCO-BoRNBP
_erda
041 _aspa
084 _aC CAR
100 1 _aCarreras, Hernán
_eautor
_957687
245 _aCuentos con escalofríos:
_bEntre garras y colmillos/
_cHernán Carreras; ilustraciones, Aleta Vidal; creación y realización, Cypres S.A.
250 _aPrimera edición
264 4 _aMontevideo, Uruguay,
_b©Latinbooks
_c2013
300 _a32 páginas,
_bilustraciones a color, tapa dura,
_calto 31 cm ancho 23
336 _2rdacontent
_atexto
_btxt
337 _2rdamedia
_asin mediación
_bn
338 _2rdacarrier
_avolumen
_bnc
490 _aCuentos con
520 _aMalena es una niña normal, con una familia normal y dos amigos… bueno, no tan normales. Pero el hecho de que Martín y Facundo sean un vampiro y un hombre lobo no les impide pasar buenos ratos y unirse para poder superar los mayores desafíos.
650 _2LEMB
_aLIteratura infantil
_92746
650 _2LEMB
_aCuentos infantiles
650 _2LEMB
_aMonstruos
_957688
650 _2LEMB
_aVampiros
_957689
650 _2LEMB
_aTerror para niños
_957690
942 _2ddc
_cBKINF
999 _c56823
_d56823